1222 1007 1282 1559 1426 1799 1406 1297 1952 1289 1044 1212 1452 1533 1216 1766 1806 1602 1336 1302 1147 1257 1698 1944 1987 1169 1947 1620 1176 1361 1461 1832 1900 1354 1594 1999 1758 1295 1810 1103 1470 1827 1655 1815 1599 1224 1303 1327 1490 1439 1338 1825 1694 1551 1357 1298 1928 1244 1572 1414 1236 1230 1695 1743 1239 1267 1621 1673 1211 1818 1878 1397 1242 1387 1701 1984 1440 1477 1772 1319 1403 1587 1679 1339 1483 1459 1273 1165 1497 1328 1354 1136 1526 1929 1834 1308 1834 1261 1155 BCNSPRNW ULIB Ver.6.0+V

เปลี่ยนเป็นภาษาไทย

Change to English
 แสดงรายละเอียดบรรณานุกรม
  กลับหน้าหลัก

Brief Record : Get Marc (ISO 2709) : E-mail record : QR code < ปิดหน้าต่าง
LEADER : 00000nam 2200000uu 4500
001    13399121655
003     ULIB
008    121128s2550||||th 000 0 tha d
020    ^a9789748825168
060 04 ^aWS280^bจ451P
245 00 ^aPediatric respiratory diseases :^bintegration of clinical sciences into practices /^cบรรณาธิการ, จิตลัดดา ดีโรจนวงศ์, ดุสิต สถาวร, นวลจันทร์ ปราบพาล
250    ^aพิมพ์ครั้งที่ 1
260    ^aกรุงเทพฯ :^bชมรมโรคระบบหายใจและเวชบำบัดวิกฤตในเด็กแห่งประเทศไทย, ^c2550
300    ^aviii, 290 หน้า :^bภาพประกอบ ;^c27 ซม.
650  7 ^aทางเดินอากาศหายใจ, โรค^xการรักษา
650  7 ^aทางเดินอากาศหายใจ, โรค^xการวินิจฉัย
650  7 ^aผู้ป่วยหนัก, การดูแล^xในเด็ก
700 0  ^aจิตลัดดา ดีโรจนวงศ์,^eบรรณาธิการ
700 0  ^aดุสิต สถาวร,^eบรรณาธิการ
700 0  ^aนวลจันทร์ ปราบพาล,^eบรรณาธิการ
710 2  ^aชมรมโรคระบบหายใจและเวชบำบัดวิกฤตในเด็กแห่งประเทศไทย
945    ^p320^l0^i24804
995    ^aวิภา
999 ^a ใช้งานได้ทุกระบบ
รายการนี้ยังไม่มีแท็ก
คุณยังไม่ได้ล็อกอิน คุณสามารถมีกิจกรรมร่วมกับเว็บไซต์ได้ แต่ต้องล็อกอินก่อน ::
  ล็อกอิน

รายการสื่อสารสนเทศ

ลำดับที่ ประเภท เลขเรียก/บาร์โค้ด สถานที่ สถานะ
1. วิทยาศาสตร์การแพทย์ และสุขภาพ
วิทยาศาสตร์การแพทย์ และสุขภาพ
WS280 จ451P  
  Barcode: 24804
ห้องสมุดวิทยาเขตสวรรค์ประชารักษ์
►ส่วนจัดเก็บหนังสือเก่า สปร
บนชั้น
  ขอยืม

BibComment


ยังไม่เคยถูกคอมเมนท์

คอมเมนท์ทรัพยากรรายการนี้
  คอมเมนท์: Pediatric respir..


 Copyright 2026. Bcnsprnw @Library